Plán činnosti a hospodárenia na rok 1978.
Uložené v:
| Médium: | Kniha |
|---|---|
| Jazyk: | Slovak |
| Vydané: |
Košice :
Krajská knižnica,
1977.
|
| Fyzický popis: |
50 strán. |
| Tagy: |
Pridať tag
Žiadne tagy, Buďte prvý kto otaguje tento záznam!
|
Titul je dostupný aj v ... 

MARC
| LEADER | 00000nam a22000002i 4500 | ||
|---|---|---|---|
| 001 | 000738021 | ||
| 005 | 20251009142117.0 | ||
| 008 | 250711s1977 xo e 000 0 slo d | ||
| 020 | |c Kčs 10,00 |q (brožované) | ||
| 040 | |a SVKKK |b slo |c SVKKK |e rda | ||
| 041 | 0 | |a slo | |
| 044 | |a xo |c SK | ||
| 245 | 0 | 0 | |a Plán činnosti a hospodárenia na rok 1978. |
| 264 | 1 | |a Košice : |b Krajská knižnica, |c 1977. | |
| 300 | |a 50 strán. | ||
| 336 | |a text |b txt |2 rdacontent | ||
| 337 | |a bez média |b n |2 rdamedia | ||
| 338 | |a zväzok |b nc |2 rdacarrier | ||
| 500 | |a Záznam revízie | ||
| 910 | |a svkkk | ||
| 998 | |a BK | ||
| 090 | |g SCKHL |k Sklad Pribinova 3. posch. |a V.115689 |j 585694 |i 2721179365 |s Absenčne | ||